00438cam a2200181 a 4500001000800000005001700008008004100025010001700066020001500083040001800098041000800116080001900124082002300143100000700166101000800173245004900181504002600230111577720171215075627.0930729s1983 enka 000 0 eng  a 93184155  a024051209X aDLCcDLCdDLC aeng a791.450232 MIL00a791.450232 MIL2201 a39 aMED10aEffective TV production /cGerald Millerson. aBibliography: p. 186.